| 000 | 00452 a2200169 4500 | ||
|---|---|---|---|
| 003 | OSt | ||
| 005 | 20240110160606.0 | ||
| 008 | 240110b |||||||| |||| 00| 0 eng d | ||
| 020 | _a9789382581130 | ||
| 040 | _coclc | ||
| 082 |
_a297 _bAKB/H |
||
| 100 |
_aAkbar, M M _92026 |
||
| 245 |
_aHijrayude Padangal / _cM M Akbar |
||
| 260 |
_aKerala: _bDa'wa books, _c2012. |
||
| 300 | _a78p | ||
| 942 |
_2ddc _cBK _h297 _iAKB/H _k297 _mAKB/H |
||
| 999 |
_c43050 _d43050 |
||